000 00619npc a2200205Ia 4500
001 dg108-47486
003 IT-MiCISF
008 161014s9999||||xx | und||
040 _aIT-MiCISF
_cIT-MiCISF
041 _ait
100 _aAA.VV.
245 0 _aEvoluzione della famiglia in Europa 2007
250 _a1a ed.
260 _a Madrid
_bInstituto de politica familiar
_c2007
300 _app. 31
500 _aInstituto de politica familiar / famiglia, natalità, nuzialità, denatalità, politica-familiare, comparazione /
650 _apolitica-familiare
942 _cDD
957 _71
999 _a47486
_bsi
_g1
_c207950
_d207950